Acarología
保存先:
| 第一著者: | |
|---|---|
| フォーマット: | 図書 |
| 言語: | スペイン語 |
| 出版事項: |
San José, Costa Rica
IICA
1988
|
| 版: | Segunda edición |
| シリーズ: | Colección investigación y desarrollo,
15 |
| 主題: | |
| タグ: |
タグ追加
タグなし, このレコードへの初めてのタグを付けませんか!
|
MARC
| LEADER | 00000nam a2200000 a 4500 | ||
|---|---|---|---|
| 001 | UCV7451 | ||
| 003 | CL-VaPUC | ||
| 005 | 20241015101023.0 | ||
| 008 | 920313e19880000CR |||||||||||||||||spa|d | ||
| 999 | |c 213131 |d 213129 | ||
| 040 | |c Pontificia Universidad Católica de Valparaíso | ||
| 082 | 0 | 4 | |a 595.42 DOR 1988 |2 21 |
| 100 | 0 | |a Doreste S., Ernesto |e autor |9 301579 | |
| 245 | 1 | 0 | |a Acarología |
| 250 | |a Segunda edición | ||
| 260 | 0 | 3 | |a San José, Costa Rica |b IICA |c 1988 |
| 300 | |a 410 páginas | ||
| 490 | 0 | |a Colección investigación y desarrollo, |v 15 | |
| 583 | |a last modification |c 20160307 02:54:40 |k Rodrigo Vera | ||
| 650 | 0 | |a Acarina |9 264632 | |
| 650 | 0 | |a Anatomía |9 261202 | |
| 650 | 0 | |a Histología |9 264868 | |
| 650 | 0 | |a Plagas agrícolas |9 264238 | |
| 942 | |c BK |2 ddc | ||
| 945 | |d 19920313 00:00:00 | ||
| 952 | |0 0 |1 0 |2 ddc |4 0 |6 595_420000000000000_DOR_1988 |7 0 |8 A |9 195191 |a BIBAGR |b BIBAGR |d 2019-11-14 |i 263273K |l 1 |o 595.42 DOR 1988 |p 263273K |r 2025-04-11 |s 2025-04-11 |t 1 |w 2019-11-14 |y BK |k AGR | ||